| 000 | 00852nam a22002897a 4500 | ||
|---|---|---|---|
| 001 | 200461356 | ||
| 003 | TR-AnTOB | ||
| 005 | 20240628093723.0 | ||
| 008 | 240628b tu ||||| |||| 00| 0 tur d | ||
| 020 | _a9786052946527 | ||
| 040 |
_aTR-AnTOB _beng _erda _cTR-AnTOB |
||
| 041 | _atur | ||
| 092 |
_a808.068 _bSWİ 2021 |
||
| 100 | 1 |
_aSwift, Jonathan _eauthor. _95237 |
|
| 245 |
_aGulliver'in gezileri / _cJonathan Swift ; çeviren: Ece Öz |
||
| 250 | _a1. bs. | ||
| 260 |
_aİstanbul : _bMaviçatı Yayınları, _c2021. |
||
| 300 |
_a72 Pages. : _bill. ; _c20 cm. |
||
| 336 |
_atext _btxt _2rdacontent |
||
| 337 |
_aunmediated _bn _2rdamedia |
||
| 338 |
_avolume _bnc _2rdacarrier |
||
| 653 | _aGüliverin Gezileri | ||
| 700 |
_aÖz, Ece _etranslator. _9145952 |
||
| 942 |
_2ddc _cBK |
||
| 999 |
_c200461356 _d79568 |
||